Southville International School and Colleges
Your cart is empty.
  • Cart
  • Lists
    Public lists Eva Luna New books Lux_list list_1
    Your lists Log in to create your own lists
  • Log in to your account
  • Your cookies
  • Search history
Southville International School and Colleges
  • Advanced search
  • Recent comments
  • Most popular
  • Libraries

Log in to your account

Log in with GOOGLE


If you do not have an external account, but do have a local account, you can still log in:

  1. Home
  2. MARC view: The phantom limbs of the Rollow sisters /
Normal view MARC view ISBD view

The phantom limbs of the Rollow sisters / (Record no. 288615)

[ view plain ]
MARC details
000 -LEADER
fixed length control field 01311cam a2200337 a 4500
001 - CONTROL NUMBER
control field 12599486
003 - CONTROL NUMBER IDENTIFIER
control field PILC
005 - DATE AND TIME OF LATEST TRANSACTION
control field 20150907080744.0
008 - FIXED-LENGTH DATA ELEMENTS--GENERAL INFORMATION
fixed length control field 011127s2002 nyu 000 1 eng
010 ## - LIBRARY OF CONGRESS CONTROL NUMBER
LC control number 2001056587
020 ## - INTERNATIONAL STANDARD BOOK NUMBER
International Standard Book Number 0399149007 (hc : alk. paper)
040 ## - CATALOGING SOURCE
Original cataloging agency DLC
Transcribing agency DLC
Modifying agency DLC
043 ## - GEOGRAPHIC AREA CODE
Geographic area code n-us-nb
050 00 - LIBRARY OF CONGRESS CALL NUMBER
Classification number PS 3619
Item number .Sc296 2002
082 00 - DEWEY DECIMAL CLASSIFICATION NUMBER
Classification number 813/.6
100 1# - MAIN ENTRY--PERSONAL NAME
Personal name Schaffert, Timothy.
245 14 - TITLE STATEMENT
Title The phantom limbs of the Rollow sisters /
Statement of responsibility, etc Timothy Schaffert.
260 ## - PUBLICATION, DISTRIBUTION, ETC. (IMPRINT)
Place of publication, distribution, etc New York :
Name of publisher, distributor, etc BlueHen Books,
Date of publication, distribution, etc 2002.
300 ## - PHYSICAL DESCRIPTION
Extent 228 pages ;
Dimensions 22 cm.
650 #0 - SUBJECT ADDED ENTRY--TOPICAL TERM
Topical term or geographic name as entry element Women
Geographic subdivision Nebraska
Form subdivision Fiction.
650 #0 - SUBJECT ADDED ENTRY--TOPICAL TERM
Topical term or geographic name as entry element Antique dealers
Form subdivision Fiction.
650 #0 - SUBJECT ADDED ENTRY--TOPICAL TERM
Topical term or geographic name as entry element Sisters
Form subdivision Fiction.
651 #0 - SUBJECT ADDED ENTRY--GEOGRAPHIC NAME
Geographic name Nebraska
Form subdivision Fiction.
655 #7 - INDEX TERM--GENRE/FORM
Genre/form data or focus term Domestic fiction.
Source of term lcsh
856 42 - ELECTRONIC LOCATION AND ACCESS
Materials specified Contributor biographical information
Uniform Resource Identifier <a href="http://www.loc.gov/catdir/enhancements/fy0716/2001056587-b.html">http://www.loc.gov/catdir/enhancements/fy0716/2001056587-b.html</a>
856 42 - ELECTRONIC LOCATION AND ACCESS
Materials specified Publisher description
Uniform Resource Identifier <a href="http://www.loc.gov/catdir/enhancements/fy0716/2001056587-d.html">http://www.loc.gov/catdir/enhancements/fy0716/2001056587-d.html</a>
856 41 - ELECTRONIC LOCATION AND ACCESS
Materials specified Sample text
Uniform Resource Identifier <a href="http://www.loc.gov/catdir/enhancements/fy0716/2001056587-s.html">http://www.loc.gov/catdir/enhancements/fy0716/2001056587-s.html</a>
906 ## - LOCAL DATA ELEMENT F, LDF (RLIN)
a 7
b cbc
c orignew
d 1
e ocip
f 20
g y-gencatlg
942 ## - ADDED ENTRY ELEMENTS (KOHA)
Source of classification or shelving scheme Library of Congress Classification
Koha item type Books
Holdings
Withdrawn status Lost status Source of classification or shelving scheme Damaged status Home library Current library Shelving location Date acquired Source of acquisition Sub Shelving location Total Checkouts Full call number Barcode Date last seen Price effective from Koha item type
    Library of Congress Classification   College Library College Library Fiction Section 09/07/2015 Donation     PS 3619 .Sc296 2002 C19930 05/08/2018 09/07/2015 Books

The phantom limbs of the Rollow sisters /

APA

Schaffert T., . (2002). The phantom limbs of the Rollow sisters. New York: BlueHen Books.

Chicago

Schaffert Timothy, . 2002. The phantom limbs of the Rollow sisters. New York: BlueHen Books.

Harvard

Schaffert T., . (2002). The phantom limbs of the Rollow sisters. New York: BlueHen Books.

MLA

Schaffert Timothy, . The phantom limbs of the Rollow sisters. New York: BlueHen Books. 2002.

  • Place hold
  • Print
  • Cite
  • Add to your cart (remove)
  • Save record
    BIBTEX Dublin Core MARCXML MARC (non-Unicode/MARC-8) MARC (Unicode/UTF-8) MARC (Unicode/UTF-8, Standard) MODS (XML) RIS
  • More searches
    Search for this title in:
    Other Libraries (WorldCat) Other Databases (Google Scholar) Online Stores (Bookfinder.com) Open Library (openlibrary.org)

Exporting to Dublin Core...

SOUTHVILLE LIBRARY

Southville International School and Colleges Library

1281 Tropical Ave. Cor. Luxembourg St., BF Homes International, Las Pinas City

Tel. No. 8256374 / 252358 Loc. 117/146

Powered by Koha